• 首页
  • 本馆介绍
  • 公告通知
  • 最新文献
  • 馆藏检索
  • 电子资源
  • 读者导购
  • 参考咨询
  • 我的图书馆
  • 登录
  • 详细信息显示
  • 放入我的书架
  • 预约/预借图书
  • 作者相关作品
  • 分类相关作品
  • 丛书相关作品
  • 出版社相关作品

书目信息

  • 表格格式
  • 工作单格式
  • 卡片格式
题名:
高级隐喻
    
 
作者: 阿特金森 著 ;吴佳 , 王利娟 , 杨兰 译
分册:  
出版信息: 北京   华夏出版社  2018.02
页数: 177页
开本: 24cm
丛书名:
单 册:
中图分类: G811.34
科图分类:
主题词: 教练员--jiao lian yuan--语言艺术
电子资源:
ISBN: 978-7-5080-9322-2
000 01204nam0 2200289 450
001 0109110026
005 20201109110332.0
010    @a978-7-5080-9322-2@dCNY49.80
100    @a20180714e20202018em y0chiy50 ea
101 1  @achi@ceng
102    @aCN@b110000
105    @ay z 000yy
106    @ar
200 1  @a高级隐喻@Agao ji yin yu@e故事转化生命@f玛丽莲·阿特金森(Marilyn Atkinson)著@g吴佳,王利娟,杨兰译
210    @a北京@c华夏出版社@d2018.02@h2020.05
215    @a177页@d24cm
300    @a隐喻表达系列一
330    @a本书中你将学习如何让人们体验到转化性价值观的激活和拓展,了解在讲故事时如何将这些转变成具体的原则。书中包含一些沉思、冥想的小练习,当你练习这些方法、甚至只是想象这些方法,它们就会和这些故事一样轻而易举地唤醒转化的潜力。使用这些练习,你可以开发“愉悦的潜力”,或者对其进行改编创造出你自己的版本。
510 1  @aCreating transformational metaphors@zeng
606 0  @a教练员@Ajiao lian yuan@x语言艺术
690    @aG811.34@v5
701  0 @c(加)@a阿特金森@Aa te jin sen@c(女,Atkinson, Marilyn)@4著
702  0 @a吴佳@Awu jia@4译
702  0 @a王利娟@Awang li juan@4译
702  0 @a杨兰@Ayang lan@4译
801  0 @aCN@bBJSZM@c20201103
905    @b1264161-5@dG811.34@e98@f5
    
    高级隐喻:故事转化生命/玛丽莲·阿特金森(Marilyn Atkinson)著/吴佳,王利娟,杨兰译.-北京:华夏出版社,2018.02(2020.05)
    177页;24cm
    隐喻表达系列一
    
    ISBN 978-7-5080-9322-2:CNY49.80
    本书中你将学习如何让人们体验到转化性价值观的激活和拓展,了解在讲故事时如何将这些转变成具体的原则。书中包含一些沉思、冥想的小练习,当你练习这些方法、甚至只是想象这些方法,它们就会和这些故事一样轻而易举地唤醒转化的潜力。使用这些练习,你可以开发“愉悦的潜力”,或者对其进行改编创造出你自己的版本。
●
相关链接 在E读中查询图书 在五车中查询图书 在当当中查询图书 在豆瓣中查询图书


正题名:高级隐喻     索取号:G811.34/98         预约/预借

序号 登录号 条形码 馆藏地/架位号 状态 备注
1 1264161   212641612   第一样本阅览室/ [索取号:G811.34/98] 在馆    
2 1264162   212641621   教育系资料室/ [索取号:G811.34/98] 在馆    
3 1264163   212641630   教育系资料室/ [索取号:G811.34/98] 在馆    
4 1264164   212641649   第四借阅区/ [索取号:G811.34/98] 在馆    
5 1264165   212641658   第四借阅区/ [索取号:G811.34/98] 在馆    
唐山师范学院图书馆 欢迎您!
大连网信软件有限公司© 版权所有